| 000 | 01985nam a2200277 a 4500 | ||
|---|---|---|---|
| 001 | BRCA_2502 | ||
| 005 | 20190320203836.0 | ||
| 008 | 241108s1856----sp-#---###---#000-0#spa-u | ||
| 041 | _aspa | ||
| 044 | _asp | ||
| 084 |
_a142 _b.R64 _c1856 |
||
| 100 | 1 |
_aCervantes Saavedra, Miguel de _d1547-1616 _9213 |
|
| 245 | 1 | 0 |
_aEl Quijote para todos _babreviado y anotado por un entusiasta de su autor _cMiguel de Cervantes Saavedra ; Fernando de Castro. |
| 260 |
_aMadrid _bJosé Rodríguez |
||
| 300 |
_a620 p. _c20 cm. |
||
| 500 | _aContenido : Primera parte. Prólogo del anotador. Prólogo del autor. Versos preliminares. Texto. Segunda parte. Dedicatoria del autor. Texto | ||
| 500 | _aEdición muy mutilada. (Texto de la primera parte en 35 capítulos, y el de la segunda parte en 57 capítulos). Su abreviador, Fernando de Castro, expone en el prólogo las razones que tuvo para suprimir la novela del Curioso impertinente, la parte del capítulo VI que trata del escrutinio de la Biblioteca de D. Quijote, el final del capítulo XLVIII donde el canónigo de Toledo prosigue el debate sobre los libros de caballería, los pasajes que como prólogos sirven de introducción a varios capítulos, todos los sonetos que sirven como de principios y fin de la primera parte, los que compuso D. Quijote en Sierra Morena, los versos desesperados del pastor Grisóstomo, la glosa y el soneto de Lorenzo, el hijo del Caballero del Verde Gabán, y algunos más. Modifica, además, escenas como la de Maritornes, sustituyendo ciertas palabras, según él, nada decentes y aun deshonestas. Semipiel; lomera dorada Lúdovik Osterc | ||
| 500 | _aQM127 | ||
| 650 | 1 | 4 |
_aNovela española _yÉpoca clásica, 1500-1700 _9215 |
| 650 | 1 | 4 |
_aLiteratura española _yÉpoca clásica, 1500-1700 _9216 |
| 650 | 1 | 4 |
_aNovela española _ySiglo XVII _9217 |
| 650 | 1 | 4 |
_aDon Quijote (Personaje ficticio) _eNovela _9218 |
| 740 | 0 | _aEl Ingenioso Hidalgo Don Quijote de la Mancha | |
| 902 | _aQFM | ||
| 942 |
_2lcc _cB |
||
| 999 |
_c2243 _d2243 |
||